000 00281nam a2200133Ia 4500
100 _aLaque/F.L
942 _cBK
654 _aCorrosion
245 _aCorrosion In Action
260 _bInternational Nickel
_aNEWYORK
_c1955
082 _a620.1
300 _a47
546 _aENGLISH
999 _c26516
_d26516